| 000 | 00741nam a2200241 a 4500 | ||
|---|---|---|---|
| 001 | BRL_573 | ||
| 005 | 20190320210815.0 | ||
| 008 | 030913s1984----pe-a######---#000-0#spa-# | ||
| 041 | _aspa | ||
| 044 | _ape | ||
| 050 | 4 |
_aF3429 _b.S75 1984 |
|
| 100 | 1 |
_aStingl, Miloslav _924329 |
|
| 245 | 1 | 0 |
_aTemplos, fortalezas, observatorios y otros enigmas del Perú Preincaico _cMiloslav Stingl. |
| 260 |
_aLima, Perú _bMosca Azul editores _c1984 |
||
| 300 |
_a330 p. _bil., mapas _c21 cm. |
||
| 500 | _aAu618 | ||
| 500 | _aBibliografía: p. 321-330 | ||
| 500 | _aTraducción de: Uctivaèi hvezd | ||
| 650 | 1 | 4 |
_aIndígenas de Sudamérica _xAntigüedades _zPerú _924330 |
| 651 | 4 |
_aPerú _xAntigüedades _919276 |
|
| 902 | _aGRL | ||
| 942 |
_2lcc _cB |
||
| 999 |
_c9385 _d9385 |
||